Agents in the Matrix - Statistics

General Stats
  • This quiz has been taken 31 times
  • The average score is 3 of 6
Answer Stats
Picture Answer % Correct
Agent Smith
100%
Agent Jones
50%
Agent Brown
40%
Agent Johnson
30%
Agent Thompson
30%
Agent Jackson
20%
No matching quizzes found
Score Distribution
Percent of People with Each Score
Percentile by Number Answered
Your Score History
You have not taken this quiz